[Event "Reykjavik op"]
[Site "Reykjavik"]
[Date "2019.04.13"]
[Round "6"]
[White "Muhr, Andreas"]
[Black "Savage, Allan George"]
[Result "0-1"]
[WhiteElo "1686"]
[BlackElo "2021"]
[PlyCount "96"]
[EventDate "2019.04.08"]
[EventType "swiss"]
[EventRounds "9"]
[EventCountry "ISL"]
[SourceTitle "CBM 189 Extra"]
[Source "ChessBase"]
[SourceDate "2019.06.03"]
[SourceVersion "1"]
[SourceVersionDate "2019.06.03"]
[SourceQuality "1"]

1. Nf3 e6 2. a3 f5 3. c4 Nf6 4. Nc3 b6 5. b4 Bb7 6. d4 a5 7. b5 Be7 8. Bb2 0-0 9. g3 Ne4 10. Bg2 d6 11. Qb3 Kh8 12. Rd1 Nxc3 13. Qxc3 Bf6 14. Qe3 Qe7 15. h4 Nd7 16. 0-0 Rae8 17. Qc1 Be4 18. a4 h6 19. Ba3 Rd8 20. Qe3 Qf7 21. Ne1 Bxg2 22. Nxg2 e5 23. d5 Qh5 24. Qf3 Qxf3 25. exf3 Rfe8 26. Ne3 g6 27. h5 Kg7 28. Kg2 Bg5 29. Rh1 Nf6 30. hxg6 Kxg6 31. Bb2 Nd7 32. g4 fxg4 33. Nxg4 h5 34. Ne3 Nc5 35. Rdg1 Rf8 36. Rh3 Nd3 37. Kf1 h4 38. Ng2 Nxb2 39. Nxh4+ Kf6 40. f4 Bxh4 41. Rxh4 Rh8 42. Rhg4 Rh6 43. fxe5+ dxe5 44. Ke2 Nxa4 45. R1g3 Rd7 46. Rf3+ Ke7 47. Ra3 Nc5 48. Re3 Kd6 0-1

[Event "Reykjavik op"]
[Site "Reykjavik"]
[Date "2019.04.10"]
[Round "4"]
[White "Abbas, Ahmed C"]
[Black "Savage, Allan George"]
[Result "0-1"]
[WhiteElo "1561"]
[BlackElo "2021"]
[PlyCount "134"]
[EventDate "2019.04.08"]
[EventType "swiss"]
[EventRounds "9"]
[EventCountry "ISL"]
[SourceTitle "CBM 189 Extra"]
[Source "ChessBase"]
[SourceDate "2019.06.03"]
[SourceVersion "1"]
[SourceVersionDate "2019.06.03"]
[SourceQuality "1"]

1. e4 e6 2. d3 d5 3. Nd2 c5 4. Ngf3 Nc6 5. g3 g6 6. Bg2 Bg7 7. 0-0 Nge7 8. c3 0-0 9. Re1 b6 10. Nf1 Bb7 11. h4 b5 12. N1h2 b4 13. e5 h6 14. Bd2 Ba6 15. Bf1 bxc3 16. bxc3 Rb8 17. d4 Bxf1 18. Nxf1 Qb6 19. Qc1 Kh7 20. Qa3 cxd4 21. cxd4 Nf5 22. Rab1 Qxb1 23. Rxb1 Rxb1 24. Kg2 Rfb8 25. Ne3 Bf8 26. Qd3 Nxe3+ 27. Qxe3 R8b7 28. Nh2 Ne7 29. g4 R1b2 30. Qf4 Ng8 31. Nf3 Rxa2 32. Ne1 Ra3 33. Nc2 Rd3 34. Ne1 Ra3 35. Be3 a5 36. Qf3 a4 37. Qd1 Rab3 38. Nd3 a3 39. h5 a2 40. hxg6+ fxg6 41. Nf4 Rb1 42. Qd3 Rg1+ 43. Kxg1 a1Q+ 44. Kg2 Qb1 45. Qa6 Qb6 46. Qd3 Qb1 47. Qa6 Qb6 48. Qd3 Ne7 49. Nh5 Qb1 50. Nf6+ Kh8 51. Qa6 Qb6 52. Qa8 Rb8 53. Qa4 Qc6 54. Qd1 Ng8 55. g5 Nxf6 56. gxf6 Qd7 57. Qg4 Kh7 58. Qd1 Qf7 59. Qc2 Rb4 60. Qc8 Rc4 61. Qb8 g5 62. Qb1+ Qg6 63. Qb7+ Kg8 64. Qb6 Qf5 65. Kg3 Rb4 66. Qa6 Rb1 67. Kh2 Qg4 0-1

[Event "Reykjavik op"]
[Site "Reykjavik"]
[Date "2017.04.26"]
[Round "9"]
[White "Savage, Allan George"]
[Black "Smith, Lynda"]
[Result "1-0"]
[WhiteElo "2067"]
[BlackElo "1849"]
[PlyCount "69"]
[EventDate "2017.04.19"]
[EventType "swiss"]
[EventRounds "10"]
[EventCountry "ISL"]
[SourceTitle "CBM 178 Extra"]
[Source "ChessBase"]
[SourceDate "2017.06.22"]
[SourceVersion "1"]
[SourceVersionDate "2017.06.22"]
[SourceQuality "1"]

1. e4 c5 2. b3 b6 3. Bb2 Bb7 4. Nc3 e6 5. f4 Nf6 6. e5 Nd5 7. Qf3 Qc8 8. Qg3 Nxc3 9. dxc3 Nc6 10. Nf3 Qc7 11. Bd3 h6 12. 0-0-0 0-0-0 13. Rhe1 d5 14. f5 Na5 15. fxe6 fxe6 16. Qh3 Qc6 17. Bg6 Kb8 18. Ng5 hxg5 19. Qxh8 d4 20. Be4 Qc7 21. Bxb7 Kxb7 22. Qh3 c4 23. Qf3+ Ka6 24. Rxd4 Rxd4 25. cxd4 Bb4 26. Re3 g4 27. Qxg4 c3 28. Qe2+ b5 29. Ba1 Kb6 30. Kb1 Qc6 31. Qf3 Qd7 32. Bxc3 Bxc3 33. Rxc3 Qxd4 34. Qe3 Qxe3 35. Rxe3 1-0

[Event "Reykjavik op"]
[Site "Reykjavik"]
[Date "2017.04.25"]
[Round "8"]
[White "Karason, Askell Orn"]
[Black "Savage, Allan George"]
[Result "1-0"]
[WhiteElo "2289"]
[BlackElo "2067"]
[PlyCount "87"]
[EventDate "2017.04.19"]
[EventType "swiss"]
[EventRounds "10"]
[EventCountry "ISL"]
[SourceTitle "CBM 178 Extra"]
[Source "ChessBase"]
[SourceDate "2017.06.22"]
[SourceVersion "1"]
[SourceVersionDate "2017.06.22"]
[SourceQuality "1"]

1. d4 g6 2. e4 Bg7 3. c4 d6 4. Nc3 Nf6 5. Nf3 0-0 6. h3 Na6 7. Bg5 Qe8 8. Be2 e5 9. d5 h6 10. Be3 Nc5 11. Nd2 a5 12. g4 Nh7 13. Qc2 f5 14. gxf5 gxf5 15. 0-0-0 b6 16. Rdg1 Kh8 17. h4 f4 18. Bxc5 bxc5 19. Qd1 Nf6 20. h5 Bd7 21. Nf3 Qb8 22. Nh4 Rf7 23. Qc2 a4 24. Nb5 Qb6 25. Rg6 Kh7 26. Rhg1 Rb8 27. a3 Kh8 28. Qd3 Bxb5 29. cxb5 c4 30. Qxc4 Qxf2 31. Nf5 Bf8 32. Qd3 Kh7 33. Rf1 Qh2 34. Qf3 Nxe4 35. Qxe4 Qh3 36. Bd3 Qxh5 37. Ng3 Qh2 38. Rf6+ Kg8 39. Rxf7 Kxf7 40. Qg6+ Ke7 41. Nf5+ Kd8 42. Qf6+ Ke8 43. Qe6+ Kd8 44. Qf7 1-0

[Event "Reykjavik op"]
[Site "Reykjavik"]
[Date "2017.04.22"]
[Round "5"]
[White "Blomqvist, Erik"]
[Black "Savage, Allan George"]
[Result "1-0"]
[WhiteElo "2548"]
[BlackElo "2067"]
[PlyCount "43"]
[EventDate "2017.04.19"]
[EventType "swiss"]
[EventRounds "10"]
[EventCountry "ISL"]
[SourceTitle "CBM 178 Extra"]
[Source "ChessBase"]
[SourceDate "2017.06.22"]
[SourceVersion "1"]
[SourceVersionDate "2017.06.22"]
[SourceQuality "1"]

1. Nf3 g6 2. e4 Bg7 3. d4 c5 4. dxc5 Qa5+ 5. c3 Qxc5 6. Na3 Nf6 7. Nb5 0-0 8. Be3 Qc6 9. Bd3 b6 10. 0-0 a6 11. Nbd4 Qc7 12. e5 Ng4 13. Bf4 Nxe5 14. Nf5 d6 15. Nxg7 Kxg7 16. Be4 Ra7 17. Qd2 Nxf3+ 18. Bxf3 Kg8 19. Rfe1 Bb7 20. Bh6 Re8 21. Qg5 Bxf3 22. Qf6 1-0

[Event "Reykjavik op"]
[Site "Reykjavik"]
[Date "2017.04.20"]
[Round "3"]
[White "Theuer, Lorenz"]
[Black "Savage, Allan George"]
[Result "0-1"]
[WhiteElo "1583"]
[BlackElo "2067"]
[PlyCount "92"]
[EventDate "2017.04.19"]
[EventType "swiss"]
[EventRounds "10"]
[EventCountry "ISL"]
[SourceTitle "CBM 178 Extra"]
[Source "ChessBase"]
[SourceDate "2017.06.22"]
[SourceVersion "1"]
[SourceVersionDate "2017.06.22"]
[SourceQuality "1"]

1. e4 g6 2. d4 Bg7 3. Nf3 c5 4. Bc4 cxd4 5. Nxd4 Nc6 6. Be3 Nf6 7. Nc3 Qa5 8. 0-0 0-0 9. Bb3 d6 10. h3 Bd7 11. Nd5 Rfe8 12. f3 Rac8 13. c3 Ne5 14. Qe2 b5 15. a4 bxa4 16. Ra3 Nxd5 17. exd5 a6 18. f4 Bb5 19. Nxb5 Qxb5 20. Qxb5 axb5 21. fxe5 axb3 22. e6 fxe6 23. dxe6 Rc4 24. Rxb3 Re4 25. Bd4 Rxe6 26. Bxg7 Kxg7 27. Rxb5 Re2 28. Rf3 Rf8 29. Rxf8 Kxf8 30. Kf1 Rc2 31. Kg1 Kf7 32. Kh2 e5 33. Kg3 h5 34. Kf3 e4+ 35. Kxe4 Rxg2 36. Kf3 Rd2 37. c4 Ke6 38. h4 Rd4 39. Rg5 Rxh4 40. Rxg6+ Ke5 41. b3 Rh3+ 42. Rg3 Rxg3+ 43. Kxg3 Kd4 44. Kh4 Kc3 45. Kxh5 Kxb3 46. Kg4 Kxc4 0-1

[Event "Virginia Beach Millennium op 6th"]
[Site "Virginia Beach"]
[Date "2005.02.26"]
[Round "2"]
[White "Kobernat, Alan"]
[Black "Savage, Allan George"]
[Result "1/2-1/2"]
[WhiteElo "2106"]
[BlackElo "2232"]
[PlyCount "95"]
[EventDate "2005.02.25"]
[EventType "swiss"]
[EventRounds "5"]
[EventCountry "USA"]
[SourceTitle "CBM 105 Extra"]
[Source "ChessBase"]
[SourceDate "2005.05.01"]
[SourceVersion "1"]
[SourceVersionDate "2005.05.01"]
[SourceQuality "1"]

1. e4 Nc6 2. Nc3 e6 3. d4 d5 4. Nf3 Bb4 5. Bd3 dxe4 6. Bxe4 Nf6 7. Bd3 0-0 8. 0-0 Bxc3 9. bxc3 b6 10. h3 Bb7 11. Qe2 Ne7 12. Ne5 Qd5 13. f4 Nf5 14. Kh2 Ne4 15. Bxe4 Qxe4 16. Qxe4 Bxe4 17. Rf2 Rfd8 18. Re2 Bd5 19. a4 a5 20. Ba3 Nd6 21. Bxd6 Rxd6 22. c4 Bb7 23. c3 Ba6 24. Re4 f6 25. c5 bxc5 26. dxc5 Rd5 27. Nf3 Kf7 28. Rae1 Bc8 29. Nd4 Rxc5 30. Nxe6 Bxe6 31. Rxe6 Rxc3 32. f5 Rc5 33. Re7+ Kf8 34. g4 Rd8 35. Kg3 Rc3+ 36. Kh4 Rc4 37. Kh5 Rc5 38. R1e4 g6+ 39. Kh6 gxf5 40. R4e6 fxg4 41. Rxh7 Rd6 42. Ree7 f5+ 43. Kg5 f4+ 44. Kxg4 Rf6 45. Rxc7 Rxc7 46. Rxc7 f3 47. Rc1 f2 48. Rf1 1/2-1/2

[Event "Virginia Beach Millennium op 5th"]
[Site "Virginia Beach"]
[Date "2004.04.04"]
[Round "4"]
[White "Savage, Allan George"]
[Black "Kaufman, Larry C"]
[Result "1/2-1/2"]
[WhiteElo "2254"]
[BlackElo "2387"]
[PlyCount "82"]
[EventDate "2004.04.02"]
[EventType "swiss"]
[EventRounds "5"]
[EventCountry "USA"]
[SourceTitle "CBM 099 Extra"]
[Source "ChessBase"]
[SourceDate "2004.05.04"]
[SourceVersion "1"]
[SourceVersionDate "2004.05.04"]
[SourceQuality "1"]

1. d4 d5 2. Nf3 Nf6 3. e3 c5 4. b3 cxd4 5. exd4 Nc6 6. Bb2 Bg4 7. Be2 Bxf3 8. Bxf3 Qb6 9. 0-0 Rd8 10. Re1 g6 11. c3 Bg7 12. Bc1 0-0 13. Bf4 Ne4 14. Bxe4 dxe4 15. Qe2 e5 16. dxe5 Nxe5 17. Qxe4 Nd3 18. Be3 Qa6 19. Rf1 f5 20. Qc4+ Qxc4 21. bxc4 b6 22. Bd4 Bxd4 23. cxd4 Rxd4 24. Rd1 Rfd8 25. Na3 Nb4 26. Rxd4 Rxd4 27. Nb5 Rxc4 28. Nxa7 Nxa2 29. Kf1 Nc3 30. Ra6 b5 31. Rb6 Ra4 32. Rb8+ Kf7 33. Rb7+ Ke6 34. Ke1 b4 35. Nc6 Ra1+ 36. Kd2 Ra2+ 37. Kd3 Nd5 38. Rxh7 Rxf2 39. Nd4+ Kf6 40. g3 Rb2 41. Rd7 Ne7 1/2-1/2

[Event "Washington Eastern op"]
[Site "Washington DC"]
[Date "1998.12.27"]
[Round "4"]
[White "Blocker, Calvin"]
[Black "Savage, Allan George"]
[Result "1/2-1/2"]
[WhiteElo "2380"]
[BlackElo "2295"]
[PlyCount "95"]
[EventDate "1998.12.??"]
[EventType "swiss"]
[EventRounds "8"]
[EventCountry "USA"]
[SourceTitle "EXT 2000"]
[Source "ChessBase"]
[SourceDate "1999.11.16"]
[SourceVersion "1"]
[SourceVersionDate "1999.11.16"]
[SourceQuality "1"]

1. d4 e6 2. c4 d5 3. Nc3 c6 4. Qb3 dxc4 5. Qxc4 b5 6. Qd3 Bb7 7. Nf3 a6 8. Bg5 Be7 9. Bxe7 Qxe7 10. e4 c5 11. d5 c4 12. Qd4 exd5 13. Nxd5 Bxd5 14. Qxd5 Ra7 15. 0-0-0 Rd7 16. Qg5 Rxd1+ 17. Kxd1 Qxg5 18. Nxg5 Nf6 19. f3 Nc6 20. Kd2 Ke7 21. Kc3 h6 22. Nh3 Rd8 23. Be2 b4+ 24. Kxc4 Rd2 25. Bd1 Rxb2 26. Bb3 g5 27. Kc5 Na5 28. Bd5 Nxd5 29. exd5 Rxa2 30. Re1+ Kd7 31. Kxb4 Nb7 32. Ng1 Rxg2 33. h3 Rb2+ 34. Kc4 Nd6+ 35. Kc5 Rc2+ 36. Kb6 Rd2 37. Kc5 Ne8 38. Ne2 Nc7 39. Nc3 Rd3 40. Kc4 Rxf3 41. Ne4 Rf4 42. Kc5 a5 43. Re2 h5 44. Re1 g4 45. hxg4 a4 46. Ng3 Rxg4 47. Nxh5 Rf4 48. Ng7 1/2-1/2